| 000 | 01054nam a22002295i 4500 | ||
|---|---|---|---|
| 001 | 162749 | ||
| 003 | ES-MaACL | ||
| 005 | 20250814220558.0 | ||
| 008 | 030130s1875 sp |||| | spa d | ||
| 040 |
_aCCPB | B _bspa _cCCPB | B |
||
| 100 | 1 |
_aPulido, Ángel, _d1852-1932 _9149324 |
|
| 245 | 1 | 0 |
_aDiscursos leídos en la apertura del Museo Antropológico y Escuela Libre del Dr. Velasco / _cpor Ángel Pulido y Fernández y Pedro González de Velasco. |
| 260 |
_aMadrid : _bImp., Fundición y Estereotipia de Juan Aguado, _c1875. |
||
| 300 |
_a53 p. ; _c29 cm. |
||
| 530 | _aDisponible en formato digital. | ||
| 610 | 2 | 4 |
_aMuseo Antropológico (España) _9170601 |
| 650 | 7 |
_aAntropología cultural y social _2embne _99867 |
|
| 700 | 1 |
_aGonzález Velasco, Pedro, _d1815-1882 _9127434 |
|
| 852 |
_aES-MaACL _jT-443-F-4 _z- Enc. hol., falto de cub. original _z- Enc. en un vol. facticio |
||
| 856 |
_uhttp://bibliotecavirtualdefensa.es/BVMDefensa/es/consulta/registro.do?id=16565 _zBiblioteca Virtual de Defensa |
||
| 999 |
_c162749 _d162749 |
||